[Event "Arandjelovac ASK-4 FM"]
[Site "Arandjelovac"]
[Date "2021.12.23"]
[Round "5"]
[White "Joel Paul, Ganta"]
[Black "Lojovic, Matija"]
[Result "1/2-1/2"]
[WhiteElo "1933"]
[BlackElo "2074"]
[PlyCount "51"]
[EventDate "2021.12.19"]
[EventType "tourn"]
[EventRounds "6"]
[EventCountry "SRB"]
[SourceTitle "EXT 2023"]
[Source "ChessBase"]
[SourceDate "2022.10.05"]
[SourceVersion "1"]
[SourceVersionDate "2022.10.05"]
[SourceQuality "1"]

1. e4 c6 2. d4 d5 3. f3 g6 4. c4 Bg7 5. Be3 dxe4 6. Nc3 Nf6 7. Nxe4 Nbd7 8. Bd3 0-0 9. Ne2 e5 10. 0-0 exd4 11. Bxd4 Qc7 12. Nxf6+ Nxf6 13. Qc2 Rd8 14. Bf2 Nd7 15. f4 f5 16. g4 fxg4 17. Bh4 Rf8 18. f5 Ne5 19. Bg3 gxf5 20. Bxf5 Bxf5 21. Rxf5 Rxf5 22. Qxf5 Qb6+ 23. Kh1 Qxb2 24. Qe6+ Kh8 25. Re1 Nf3 26. Rf1 1/2-1/2

[Event "Arandjelovac ASK-4 FM"]
[Site "Arandjelovac"]
[Date "2021.12.22"]
[Round "4"]
[White "Lojovic, Matija"]
[Black "Ivovic, Branislav"]
[Result "1/2-1/2"]
[WhiteElo "2074"]
[BlackElo "1951"]
[PlyCount "20"]
[EventDate "2021.12.19"]
[EventType "tourn"]
[EventRounds "6"]
[EventCountry "SRB"]
[SourceTitle "EXT 2023"]
[Source "ChessBase"]
[SourceDate "2022.10.05"]
[SourceVersion "1"]
[SourceVersionDate "2022.10.05"]
[SourceQuality "1"]

1. d4 Nf6 2. Bf4 g6 3. Nf3 Bg7 4. e3 d6 5. Be2 0-0 6. 0-0 b6 7. h3 Bb7 8. Nbd2 c5 9. c3 Nbd7 10. a4 a6 1/2-1/2

[Event "Arandjelovac ASK-4 FM"]
[Site "Arandjelovac"]
[Date "2021.12.21"]
[Round "3"]
[White "Gargili, Kemal"]
[Black "Lojovic, Matija"]
[Result "0-1"]
[WhiteElo "1327"]
[BlackElo "2074"]
[PlyCount "106"]
[EventDate "2021.12.19"]
[EventType "tourn"]
[EventRounds "6"]
[EventCountry "SRB"]
[SourceTitle "EXT 2023"]
[Source "ChessBase"]
[SourceDate "2022.10.05"]
[SourceVersion "1"]
[SourceVersionDate "2022.10.05"]
[SourceQuality "1"]

1. e4 d5 2. exd5 Nf6 3. d4 Nxd5 4. Nf3 g6 5. Bc4 Bg7 6. 0-0 0-0 7. c3 b6 8. Re1 Bb7 9. Nbd2 Nd7 10. Nf1 e6 11. Bg5 Qc8 12. Qd2 Re8 13. Rad1 N5f6 14. Ne5 Ne4 15. Rxe4 Bxe4 16. Qf4 Nxe5 17. dxe5 Bd5 18. Rxd5 exd5 19. Bxd5 Qd7 20. Bxa8 Rxa8 21. h4 Re8 22. Bf6 Qf5 23. Qxf5 gxf5 24. Bxg7 Kxg7 25. f4 f6 26. exf6+ Kxf6 27. Kf2 Re4 28. g3 a5 29. Ne3 c6 30. Nc2 Re8 31. Nd4 Rc8 32. Ke3 b5 33. a3 Rc7 34. Nf3 c5 35. Ne5 Ke6 36. b3 a4 37. bxa4 bxa4 38. Kd3 Kd5 39. c4+ Kd6 40. g4 fxg4 41. Nxg4 Rb7 42. Kc2 Rb3 43. Nf6 Rxa3 44. Nxh7 Rh3 45. Ng5 Rxh4 46. Ne4+ Kc6 47. Nc3 Rxf4 48. Nxa4 Rxc4+ 49. Nc3 Rh4 50. Kb2 c4 51. Nd1 Kc5 52. Nc3 Rh2+ 53. Ka3 Kd4 0-1

[Event "Arandjelovac ASK-4 FM"]
[Site "Arandjelovac"]
[Date "2021.12.20"]
[Round "2"]
[White "Lojovic, Matija"]
[Black "Joel Paul, Ganta"]
[Result "1-0"]
[WhiteElo "2074"]
[BlackElo "1933"]
[PlyCount "75"]
[EventDate "2021.12.19"]
[EventType "tourn"]
[EventRounds "6"]
[EventCountry "SRB"]
[SourceTitle "EXT 2023"]
[Source "ChessBase"]
[SourceDate "2022.10.05"]
[SourceVersion "1"]
[SourceVersionDate "2022.10.05"]
[SourceQuality "1"]

1. d4 Nf6 2. Bf4 g6 3. e3 Bg7 4. h3 0-0 5. Nf3 d6 6. Be2 c5 7. c3 b6 8. 0-0 Na6 9. a4 Bb7 10. Nbd2 Nc7 11. Qb3 Rb8 12. Qa3 a5 13. Rfe1 h6 14. Bh2 Re8 15. Nc4 Ba6 16. Rad1 Qc8 17. dxc5 bxc5 18. Nfd2 Nd7 19. Bg4 h5 20. Bf3 Bb7 21. Bxd6 exd6 22. Nxd6 Bxf3 23. Nxc8 Bxd1 24. Rxd1 Rexc8 25. Nc4 Rd8 26. Nxa5 Ne5 27. Rb1 Rd2 28. f4 Nd3 29. Nc4 Rc2 30. b3 Rxc3 31. Qa2 Nc1 32. Qd2 Rxc4 33. Rxc1 Rxc1+ 34. Qxc1 Rxb3 35. Qxc5 Rc3 36. Qe7 Bf8 37. Qe5 Ne6 38. Qxc3 1-0

[Event "Arandjelovac IM 3rd"]
[Site "Arandjelovac"]
[Date "2021.04.20"]
[Round "5"]
[White "Lojovic, Matija"]
[Black "Sahil, Tickoo"]
[Result "0-1"]
[WhiteElo "2119"]
[BlackElo "2245"]
[PlyCount "40"]
[EventDate "2021.04.17"]
[EventType "swiss"]
[EventRounds "10"]
[EventCountry "SRB"]
[SourceTitle "CBM 202 Extra"]
[Source "ChessBase"]
[SourceDate "2021.07.31"]
[SourceVersion "1"]
[SourceVersionDate "2021.07.31"]
[SourceQuality "1"]

1. d4 d5 2. Nc3 Bf5 3. Bf4 a6 4. e3 e6 5. f3 Bg6 6. h4 h5 7. Bd3 Bxd3 8. cxd3 Bd6 9. Nge2 Ne7 10. e4 Bxf4 11. Nxf4 Nbc6 12. Nfe2 Qb8 13. Qd2 Qa7 14. Qe3 0-0-0 15. Qg5 Ng6 16. exd5 Nxd4 17. Rc1 Rhe8 18. dxe6 Rxe6 19. Kd2 Nxe2 20. Nxe2 Qf2 0-1

[Event "Arandjelovac IM 3rd"]
[Site "Arandjelovac"]
[Date "2021.04.18"]
[Round "2"]
[White "Lojovic, Matija"]
[Black "Parnali, S Dharia"]
[Result "1/2-1/2"]
[WhiteElo "2119"]
[BlackElo "2243"]
[PlyCount "52"]
[EventDate "2021.04.17"]
[EventType "swiss"]
[EventRounds "10"]
[EventCountry "SRB"]
[SourceTitle "CBM 202 Extra"]
[Source "ChessBase"]
[SourceDate "2021.07.31"]
[SourceVersion "1"]
[SourceVersionDate "2021.07.31"]
[SourceQuality "1"]

1. d4 d5 2. Bf4 Nf6 3. Nc3 a6 4. e3 c5 5. Nf3 Nc6 6. Ne5 e6 7. Be2 Bd6 8. Nxc6 bxc6 9. Bxd6 Qxd6 10. 0-0 cxd4 11. exd4 a5 12. Na4 0-0 13. c4 dxc4 14. Nb6 Rb8 15. Nxc4 Qd5 16. Rc1 Ba6 17. Bf3 Qg5 18. b3 c5 19. Re1 Bxc4 20. Rxc4 cxd4 21. Qxd4 Rfd8 22. Qe5 Qd2 23. Re2 Qd1+ 24. Re1 Qd2 25. Re2 Qd1+ 26. Re1 Qd2 1/2-1/2

[Event "FIDE World Uni Rapid-D 1st"]
[Site "Tornelo INT"]
[Date "2021.03.21"]
[Round "11"]
[White "Lojovic, Matija"]
[Black "Giannoulakis, Labros"]
[Result "1/2-1/2"]
[WhiteElo "2119"]
[BlackElo "2325"]
[PlyCount "126"]
[EventDate "2021.03.20"]
[EventType "swiss (rapid)"]
[EventRounds "12"]
[EventCountry "NET"]
[SourceTitle "EXT 2022"]
[Source "ChessBase"]
[SourceDate "2021.10.06"]
[SourceVersion "1"]
[SourceVersionDate "2021.10.06"]
[SourceQuality "1"]

1. d4 Nf6 2. Nc3 d5 3. Bf4 e6 4. e3 Bd6 5. Bg3 0-0 6. Nf3 b6 7. Ne5 Bb7 8. Nb5 a6 9. Nxd6 cxd6 10. Nd3 Ne4 11. Be2 Nd7 12. Bf3 Rc8 13. Bxe4 dxe4 14. Nc1 Qe7 15. 0-0 f5 16. Ne2 g5 17. c3 a5 18. Qb3 Ba6 19. Rfe1 Bc4 20. Qc2 Nf6 21. h3 Nh5 22. Bh2 Bd3 23. Qd2 e5 24. Nc1 Bc4 25. b3 Bf7 26. c4 Rcd8 27. Ne2 Bg6 28. Qb2 f4 29. dxe5 dxe5 30. Rad1 Rd3 31. Nc1 Rxd1 32. Rxd1 Ng7 33. Rd5 Re8 34. Ne2 Bf7 35. Rd1 Rd8 36. Qc2 Ne6 37. Nc3 Nc5 38. a3 Bh5 39. Rd5 Rxd5 40. Nxd5 Qd6 41. b4 axb4 42. axb4 Nd3 43. Qa4 Bf7 44. h4 h6 45. hxg5 hxg5 46. Qa8+ Kg7 47. Qb7 Nxb4 48. Qxb6 Qxb6 49. Nxb6 Kf6 50. Kf1 Ke7 51. Ke2 Kd6 52. f3 Kc6 53. Nd5 Bxd5 54. cxd5+ Kxd5 55. exf4 gxf4 56. g3 exf3+ 57. Kxf3 e4+ 58. Kxf4 Kd4 59. Bg1+ Kd3 60. g4 e3 61. Bxe3 Nd5+ 62. Ke5 Kxe3 63. g5 Nf4 1/2-1/2

[Event "FIDE World Uni Rapid-D 1st"]
[Site "Tornelo INT"]
[Date "2021.03.20"]
[Round "5"]
[White "Lojovic, Matija"]
[Black "Olendo, Sara Francine"]
[Result "1-0"]
[WhiteElo "2119"]
[BlackElo "1692"]
[PlyCount "81"]
[EventDate "2021.03.20"]
[EventType "swiss (rapid)"]
[EventRounds "12"]
[EventCountry "NET"]
[SourceTitle "EXT 2022"]
[Source "ChessBase"]
[SourceDate "2021.10.06"]
[SourceVersion "1"]
[SourceVersionDate "2021.10.06"]
[SourceQuality "1"]

1. d4 Nf6 2. Nc3 g6 3. Bf4 Bg7 4. e4 d6 5. Qd2 c6 6. Bh6 0-0 7. Bxg7 Kxg7 8. h4 h5 9. f3 Rh8 10. Bc4 b5 11. Bb3 Nbd7 12. 0-0-0 Nb6 13. Qf4 a5 14. e5 Nfd5 15. Bxd5 Nxd5 16. Nxd5 cxd5 17. exd6 Qxd6 18. Qxd6 exd6 19. Ne2 b4 20. Nf4 Be6 21. Rde1 Rhe8 22. Re3 Bf5 23. Rhe1 Rxe3 24. Rxe3 Rc8 25. Re2 Rc4 26. Rd2 Be6 27. b3 Rc8 28. Kb2 Kf6 29. a3 Kf5 30. g3 Rc3 31. axb4 axb4 32. Nd3 g5 33. hxg5 Kxg5 34. Rf2 h4 35. f4+ Kg4 36. gxh4 f5 37. Rg2+ Kf3 38. Rg6 Bf7 39. Rf6 Be8 40. Rxd6 Ke4 41. Nxb4 1-0

[Event "FIDE World Uni Blitz-D 1st"]
[Site "Tornelo INT"]
[Date "2021.03.13"]
[Round "4.18"]
[White "Lojovic, Matija"]
[Black "Luna, Divine Grace"]
[Result "1-0"]
[WhiteElo "2119"]
[BlackElo "1716"]
[PlyCount "165"]
[EventDate "2021.03.13"]
[EventType "swiss (blitz)"]
[EventRounds "10"]
[EventCountry "NET"]
[SourceTitle "EXT 2022"]
[Source "ChessBase"]
[SourceDate "2021.10.06"]
[SourceVersion "1"]
[SourceVersionDate "2021.10.06"]
[SourceQuality "1"]

1. d4 Nf6 2. Nc3 d5 3. Bf4 c6 4. e3 Bg4 5. f3 Bf5 6. g4 Bg6 7. h4 h5 8. g5 Nfd7 9. Bd3 Bxd3 10. cxd3 Na6 11. Nge2 Nc7 12. e4 dxe4 13. dxe4 e5 14. dxe5 Ne6 15. Qd2 Qb6 16. Be3 Bc5 17. Bxc5 Qxc5 18. 0-0-0 0-0-0 19. Qd6 Nxe5 20. Qxc5 Nxc5 21. Rxd8+ Rxd8 22. f4 Ned3+ 23. Kc2 Nf2 24. Rh2 Nfxe4 25. Nc1 Nxc3 26. Kxc3 Ne6 27. f5 Nf4 28. Rf2 Nd5+ 29. Kb3 g6 30. fxg6 fxg6 31. Ne2 Re8 32. Kc2 Kd7 33. Nd4 Re4 34. Nf3 Rf4 35. Ne5+ Ke6 36. Re2 Kf5 37. Nd7 Nb4+ 38. Kb3 Nd5 39. Re5+ Kg4 40. Re6 Rf3+ 41. Kc2 Nf4 42. Re7 Kxh4 43. Ne5 Rf2+ 44. Kc1 Kxg5 45. Nf7+ Kg4 46. Rxb7 g5 47. Ne5+ Kg3 48. Rb3+ Kg2 49. Nf7 g4 50. Ng5 Ne2+ 51. Kd1 Nd4 52. Ne4 Nf3 53. Rc3 Rf1+ 54. Kc2 h4 55. Nf6 h3 56. Nxg4 h2 57. Nxh2 Nxh2 58. Rxc6 Rf2+ 59. Kb3 Nf3 60. Rc7 Nd4+ 61. Kc4 Nf3 62. Kc3 Re2 63. Rxa7 Re3+ 64. Kc2 Kf2 65. b4 Nd4+ 66. Kd2 Re2+ 67. Kd3 Nb5 68. Ra5 Re3+ 69. Kc4 Nc3 70. b5 Ne4 71. Ra6 Nd2+ 72. Kb4 Re8 73. b6 Ke2 74. a4 Rb8 75. a5 Kd3 76. Ra7 Ne4 77. b7 Nd6 78. a6 Kd4 79. Ra8 Rxb7+ 80. axb7 Nxb7 81. Rc8 Nd6 82. Rc6 Kd5 83. Rb6 1-0

[Event "SRB-chT 1st League"]
[Site "Bajina Basta"]
[Date "2019.09.17"]
[Round "7.5"]
[White "Kovacevic, Dragan"]
[Black "Lojovic, Matija"]
[Result "1-0"]
[WhiteElo "2188"]
[BlackElo "2136"]
[PlyCount "65"]
[EventDate "2019.09.13"]
[EventType "team-tourn"]
[EventRounds "11"]
[EventCountry "SRB"]
[SourceTitle "CBM 195 Extra"]
[Source "ChessBase"]
[SourceDate "2020.05.31"]
[SourceVersion "1"]
[SourceVersionDate "2020.05.31"]
[SourceQuality "1"]
[WhiteTeam "Jasenica"]
[BlackTeam "Arandjelovac"]
[WhiteTeamCountry "SRB"]
[BlackTeamCountry "SRB"]

1. e4 d5 2. exd5 Nf6 3. d4 Nxd5 4. Nf3 g6 5. h3 Bg7 6. c4 Nb6 7. Nc3 0-0 8. Be2 Nc6 9. Be3 e5 10. d5 Ne7 11. Bc5 Re8 12. g4 f5 13. Rg1 Bd7 14. Qb3 Nec8 15. 0-0-0 e4 16. Nd4 f4 17. Ne6 Bxe6 18. dxe6 Qg5 19. Nxe4 Qe5 20. f3 Qxe6 21. Rge1 h6 22. Ba3 Ne7 23. Bf1 Qf7 24. g5 Rad8 25. Rxd8 Rxd8 26. Bxe7 Qxe7 27. Nf6+ Bxf6 28. Rxe7 Bxe7 29. c5+ Nd5 30. Bc4 c6 31. Qxb7 Kf8 32. Qxc6 Ne3 33. Bb3 1-0

[Event "SRB-chT 1st League"]
[Site "Bajina Basta"]
[Date "2019.09.17"]
[Round "6.23"]
[White "Lojovic, Matija"]
[Black "Colovic, Dusan"]
[Result "0-1"]
[WhiteElo "2136"]
[BlackElo "2257"]
[PlyCount "78"]
[EventDate "2019.09.13"]
[EventType "team-tourn"]
[EventRounds "11"]
[EventCountry "SRB"]
[SourceTitle "CBM 195 Extra"]
[Source "ChessBase"]
[SourceDate "2020.05.31"]
[SourceVersion "1"]
[SourceVersionDate "2020.05.31"]
[SourceQuality "1"]
[WhiteTeam "Arandjelovac"]
[BlackTeam "Metalac"]
[WhiteTeamCountry "SRB"]
[BlackTeamCountry "SRB"]

1. d4 d6 2. Nf3 Bg4 3. Nbd2 e6 4. g3 Nd7 5. Bg2 c6 6. 0-0 d5 7. e4 dxe4 8. Nxe4 Ngf6 9. Bg5 Be7 10. Nxf6+ Bxf6 11. Bxf6 Nxf6 12. Qd3 Bxf3 13. Bxf3 0-0 14. Rfd1 Qc7 15. a4 Rfd8 16. c3 a5 17. Qc2 g6 18. Re1 Rab8 19. Rad1 b6 20. Qe2 Nd5 21. Qc4 Rbc8 22. Re5 Nf6 23. Ree1 Kg7 24. h4 h5 25. Re3 Rd6 26. Red3 Rcd8 27. Kg2 Qd7 28. Qa6 c5 29. dxc5 Rxd3 30. c6 Rxd1 31. cxd7 R1xd7 32. Qxb6 e5 33. Bc6 Rd2 34. Qxa5 Ng4 35. Bf3 Nxf2 36. Qxe5+ Kg8 37. Qc7 Ng4+ 38. Kg1 Re8 39. Bg2 Re1+ 0-1

[Event "SRB-chT2 West"]
[Site "Arandjelovac"]
[Date "2018.09.08"]
[Round "3.1"]
[White "Lojovic, Matija"]
[Black "Radovanovic, Zoran S"]
[Result "1-0"]
[WhiteElo "2129"]
[BlackElo "1919"]
[PlyCount "69"]
[EventDate "2018.09.07"]
[EventType "team-tourn"]
[EventRounds "11"]
[EventCountry "SRB"]
[SourceTitle "EXT 2021"]
[Source "ChessBase"]
[SourceDate "2020.10.23"]
[SourceVersion "1"]
[SourceVersionDate "2020.10.23"]
[SourceQuality "1"]
[WhiteTeam "Arandjelovac"]
[BlackTeam "Krupanj"]
[WhiteTeamCountry "SRB"]
[BlackTeamCountry "SRB"]

1. d4 Nf6 2. Nf3 g6 3. Bf4 c5 4. e3 Bg7 5. c3 Qb6 6. Na3 cxd4 7. Nc4 Qd8 8. exd4 0-0 9. Be2 d6 10. h3 Bf5 11. 0-0 Nd5 12. Bg3 Nd7 13. Nfd2 N7f6 14. Re1 Qc8 15. Bf3 Re8 16. Qb3 Be6 17. Qa4 Bh6 18. Ne3 Nf4 19. Ne4 N6h5 20. Ng4 Bg7 21. Ng5 Bd5 22. Bxd5 Nxd5 23. Qb3 Qf5 24. Ne4 Nhf4 25. c4 Nb6 26. Qe3 Ne6 27. d5 Nxc4 28. Qb3 Qxd5 29. Nc3 Qc6 30. Rac1 Rec8 31. Nb5 Nd4 32. Nxd4 Bxd4 33. Bxd6 h5 34. Be5 Qc5 35. Re4 1-0

[Event "SRB-chT2 West"]
[Site "Arandjelovac"]
[Date "2018.09.07"]
[Round "1.2"]
[White "Lojovic, Matija"]
[Black "Isak, Igor G"]
[Result "1-0"]
[WhiteElo "2129"]
[BlackElo "2004"]
[PlyCount "71"]
[EventDate "2018.09.07"]
[EventType "team-tourn"]
[EventRounds "11"]
[EventCountry "SRB"]
[SourceTitle "EXT 2021"]
[Source "ChessBase"]
[SourceDate "2020.10.23"]
[SourceVersion "1"]
[SourceVersionDate "2020.10.23"]
[SourceQuality "1"]
[WhiteTeam "Arandjelovac"]
[BlackTeam "Smederevo"]
[WhiteTeamCountry "SRB"]
[BlackTeamCountry "SRB"]

1. d4 Nf6 2. Nf3 g6 3. Bf4 Bg7 4. e3 Nh5 5. Bg5 h6 6. Bh4 g5 7. Ne5 Nf6 8. Bg3 d6 9. Nf3 Bg4 10. h3 Bh5 11. Nbd2 Nbd7 12. c3 e5 13. dxe5 dxe5 14. Qa4 0-0 15. Nxe5 Re8 16. Nxd7 Nxd7 17. Be2 Bxe2 18. Kxe2 Nc5 19. Qc4 Qe7 20. Rhd1 b5 21. Qg4 Na4 22. Rab1 c5 23. Kf1 Rad8 24. Nb3 Rxd1+ 25. Rxd1 Nxb2 26. Rd7 Qf6 27. Nxc5 Qxc3 28. Qf5 Qc1+ 29. Ke2 Qc4+ 30. Kf3 Rc8 31. Rd5 Re8 32. Ne4 Qc6 33. Rc5 Qa8 34. Rc7 Rf8 35. Bd6 Qd8 36. Rd7 1-0

[Event "Serbia Central Cup"]
[Site "Kragujevac"]
[Date "2018.04.30"]
[Round "2"]
[White "Djordjevic, Dejan N"]
[Black "Lojovic, Matija"]
[Result "1-0"]
[WhiteElo "2173"]
[BlackElo "2127"]
[PlyCount "61"]
[EventDate "2018.04.29"]
[EventType "swiss"]
[EventRounds "6"]
[EventCountry "SRB"]
[SourceTitle "CBM 184 Extra"]
[Source "ChessBase"]
[SourceDate "2018.06.28"]
[SourceVersion "1"]
[SourceVersionDate "2018.06.28"]
[SourceQuality "1"]

1. e4 d5 2. exd5 Nf6 3. Nf3 Nxd5 4. d4 g6 5. Be2 Bg7 6. 0-0 0-0 7. c4 Nb6 8. Nc3 Nc6 9. d5 Na5 10. Nd2 e6 11. dxe6 Bxe6 12. c5 Nd5 13. Nde4 Nxc3 14. Nxc3 Qe7 15. Be3 Nc4 16. Bxc4 Bxc4 17. Re1 Be6 18. Qf3 b6 19. Rac1 Rfe8 20. Qc6 Rac8 21. Qa4 Ra8 22. Qc6 Rec8 23. b3 Qd7 24. Qxd7 Bxd7 25. Nd5 Kh8 26. cxb6 cxb6 27. Ne7 Rxc1 28. Rxc1 Be6 29. Rc7 Be5 30. f4 Bxc7 31. Bd4+ 1-0

[Event "Belgrade-chT"]
[Site "Belgrade"]
[Date "2017.10.08"]
[Round "3.2"]
[White "Veljkovic, Dragoljub"]
[Black "Lojovic, Matija"]
[Result "1/2-1/2"]
[WhiteElo "2174"]
[BlackElo "2124"]
[PlyCount "92"]
[EventDate "2017.10.01"]
[EventType "team-tourn"]
[EventRounds "11"]
[EventCountry "SRB"]
[SourceTitle "CBM 181 Extra"]
[Source "ChessBase"]
[SourceDate "2017.12.12"]
[SourceVersion "1"]
[SourceVersionDate "2017.12.12"]
[SourceQuality "1"]
[WhiteTeam "Nis Jugopetrol"]
[BlackTeam "Lasta"]
[WhiteTeamCountry "SRB"]
[BlackTeamCountry "SRB"]

1. d4 Nf6 2. c4 g6 3. Nc3 Bg7 4. e4 d6 5. Nf3 0-0 6. Be2 e5 7. d5 Nbd7 8. Be3 b6 9. Nd2 a5 10. 0-0 Nc5 11. a3 Bd7 12. b4 Nb7 13. Nb3 Ne8 14. c5 bxc5 15. bxc5 dxc5 16. Nxc5 Nxc5 17. Bxc5 Nd6 18. a4 f5 19. f3 fxe4 20. Nxe4 Nxe4 21. fxe4 Rxf1+ 22. Qxf1 Bf6 23. Qc1 Qe8 24. Qa3 Rb8 25. Rf1 Kg7 26. Qc3 Ra8 27. Be3 Qd8 28. Bd1 Be8 29. Bb3 Rb8 30. Rc1 c6 31. dxc6 Bxc6 32. Rd1 Qe8 33. Rd6 Rc8 34. Qxa5 Qe7 35. Qd2 Rd8 36. Rxd8 Qxd8 37. Qxd8 Bxd8 38. Bc2 Ba5 39. Kf2 Kf6 40. Ke2 Ke6 41. Bd2 Bxd2 42. Kxd2 Kd6 43. Kc3 Kc5 44. Kd3 Kb4 45. Bd1 Bb7 46. Ke3 Bc6 1/2-1/2

[Event "Vojvodina op 8th"]
[Site "Novi Sad"]
[Date "2017.07.16"]
[Round "1"]
[White "Lojovic, Matija"]
[Black "Kosanovic, Goran A"]
[Result "0-1"]
[WhiteElo "2077"]
[BlackElo "2369"]
[PlyCount "76"]
[EventDate "2017.07.16"]
[EventType "swiss"]
[EventRounds "9"]
[EventCountry "SRB"]
[SourceTitle "EXT 2018"]
[Source "ChessBase"]
[SourceDate "2017.10.13"]
[SourceVersion "1"]
[SourceVersionDate "2017.10.13"]
[SourceQuality "1"]

1. d4 Nf6 2. Nf3 c5 3. e3 e6 4. Bd3 d5 5. b3 Nc6 6. a3 Be7 7. 0-0 0-0 8. Bb2 b6 9. dxc5 bxc5 10. c4 Rb8 11. Qc2 h6 12. Nbd2 a5 13. cxd5 exd5 14. Ne5 Bb7 15. Rfd1 Bd6 16. Ndf3 Qe7 17. Nxc6 Bxc6 18. Qc3 a4 19. b4 Rfc8 20. bxc5 Bxc5 21. Ne5 Be8 22. Bf5 Rc7 23. Ng4 d4 24. exd4 Bd6 25. Qd2 Nxg4 26. Bxg4 Qh4 27. h3 h5 28. Bf3 Bf4 29. Qe1 Re7 30. Qc3 Rb3 31. Re1 Rxc3 32. Rxe7 Rxf3 33. Rxe8+ Kh7 34. Re2 Rb3 35. Rd1 Bd6 36. d5 Qf4 37. g3 Qf3 38. Red2 h4 0-1

[Event "SRB-chT Cup"]
[Site "Kragujevac"]
[Date "2017.04.29"]
[Round "1.7"]
[White "Cukanovic, Petar"]
[Black "Lojovic, Matija"]
[Result "1/2-1/2"]
[WhiteElo "2161"]
[BlackElo "2069"]
[PlyCount "69"]
[EventDate "2017.04.29"]
[EventType "team-swiss"]
[EventRounds "6"]
[EventCountry "SRB"]
[SourceTitle "EXT 2018"]
[Source "ChessBase"]
[SourceDate "2017.10.13"]
[SourceVersion "1"]
[SourceVersionDate "2017.10.13"]
[SourceQuality "1"]
[WhiteTeam "Vrnjacka Banja Goc"]
[BlackTeam "Arandjelovac"]
[WhiteTeamCountry "SRB"]
[BlackTeamCountry "SRB"]

1. e4 d5 2. exd5 Nf6 3. d4 Nxd5 4. c4 Nb6 5. Nc3 g6 6. Nf3 Bg7 7. c5 Nd5 8. Bc4 c6 9. h3 0-0 10. 0-0 b6 11. cxb6 axb6 12. Bxd5 cxd5 13. Bf4 Nc6 14. Qd2 Re8 15. Rfc1 Bb7 16. Nb5 Rc8 17. b4 Qd7 18. a4 Bf8 19. Bc7 e6 20. Rxc6 Qxc6 21. Ne5 Rxc7 22. Nxc6 Rxc6 23. Na3 Ra8 24. b5 Rc7 25. Nc2 Bc8 26. Nb4 Bd7 27. Na6 Rc4 28. Qf4 Bg7 29. Qd6 Bxd4 30. Rd1 Be8 31. Rxd4 Rxd4 32. Qxb6 Rxa4 33. Qb7 Bxb5 34. Qxa8+ Kg7 35. Qb8 1/2-1/2

[Event "SRB Central-ch op-B 7th"]
[Site "Paracin"]
[Date "2014.07.08"]
[Round "6"]
[White "Bozinovic, Boban"]
[Black "Lojovic, Matija"]
[Result "1-0"]
[WhiteElo "2011"]
[BlackElo "1839"]
[PlyCount "121"]
[EventDate "2014.07.04"]
[EventType "swiss"]
[EventRounds "9"]
[EventCountry "SRB"]
[SourceTitle "CBM 161 Extra"]
[Source "ChessBase"]
[SourceDate "2014.08.29"]
[SourceVersion "1"]
[SourceVersionDate "2014.08.29"]
[SourceQuality "1"]

1. e4 e6 2. d4 d5 3. Nc3 dxe4 4. Nxe4 Be7 5. Nf3 Nd7 6. Bd3 Ngf6 7. 0-0 0-0 8. Qe2 c5 9. dxc5 Nxc5 10. Nxc5 Bxc5 11. Bg5 Be7 12. Rad1 Qc7 13. c3 Bd7 14. Bxf6 Bxf6 15. Bxh7+ Kxh7 16. Qd3+ Kg8 17. Qxd7 Qb6 18. Qd2 Rad8 19. Qc2 Rxd1 20. Rxd1 Rd8 21. Rxd8+ Qxd8 22. Qd2 Qc7 23. g3 a6 24. Qd3 b5 25. Nd2 g6 26. Ne4 Bg7 27. Qd6 Qxd6 28. Nxd6 Kf8 29. Ne4 Ke7 30. Kf1 f5 31. Nc5 a5 32. Ke2 a4 33. Kd2 Kd6 34. Nd3 e5 35. f3 Bf6 36. b3 axb3 37. axb3 g5 38. Nf2 Ke6 39. c4 bxc4 40. bxc4 Be7 41. h3 Kd6 42. Kd3 Bf6 43. g4 e4+ 44. fxe4 f4 45. e5+ Kxe5 46. Ne4 Be7 47. Nd2 Kd6 48. Ke4 Kc5 49. Kd3 Kd6 50. Kd4 Bf6+ 51. Ke4 Kc5 52. Kd3 Be7 53. Ne4+ Kc6 54. Kd4 Bd8 55. Ke5 f3 56. Kf5 Kd7 57. Ke5 Kc6 58. Kd4 Bb6+ 59. Kd3 f2 60. Ke2 Kd7 61. Nxg5 1-0

[Event "SRB-ch U14"]
[Site "Vrnjacka Banja"]
[Date "2013.05.02"]
[Round "4"]
[White "Lojovic, Matija"]
[Black "Cvetkovic, Vladimir"]
[Result "0-1"]
[WhiteElo "1734"]
[BlackElo "2015"]
[PlyCount "76"]
[EventDate "2013.04.30"]
[EventType "swiss"]
[EventRounds "9"]
[EventCountry "SRB"]
[SourceTitle "CBM 154 Extra"]
[Source "ChessBase"]
[SourceDate "2013.06.25"]
[SourceVersion "2"]
[SourceVersionDate "2013.06.25"]
[SourceQuality "1"]

1. c4 Nf6 2. Nc3 d5 3. cxd5 Nxd5 4. d4 g6 5. Nf3 Bg7 6. e4 Nxc3 7. bxc3 0-0 8. Bf4 c5 9. Bc4 Nc6 10. e5 cxd4 11. cxd4 Bg4 12. 0-0 Rc8 13. Rb1 Nxd4 14. Be2 Nxe2+ 15. Qxe2 b6 16. Rfd1 Qc7 17. Rbc1 Qb7 18. Rxc8 Rxc8 19. Qd3 h6 20. h3 Bf5 21. Qa3 Be4 22. Bg3 b5 23. Qa5 Kh7 24. Ne1 Bd5 25. f3 e6 26. Nd3 Bf8 27. Nb4 Bxf3 28. Rd2 Be4 29. Nd3 b4 30. Kh2 Qd7 31. Qa6 Rd8 32. Nf2 Qxd2 33. Nxe4 Qd4 34. Qb7 Kg7 35. Nf6 Bc5 36. h4 Qg1+ 37. Kh3 Qh1+ 38. Bh2 Rd3+ 0-1

[Event "SRB-ch U14"]
[Site "Vrnjacka Banja"]
[Date "2013.05.01"]
[Round "2"]
[White "Rajkovic, Mladen"]
[Black "Lojovic, Matija"]
[Result "1-0"]
[WhiteElo "1971"]
[BlackElo "1734"]
[PlyCount "77"]
[EventDate "2013.04.30"]
[EventType "swiss"]
[EventRounds "9"]
[EventCountry "SRB"]
[SourceTitle "CBM 154 Extra"]
[Source "ChessBase"]
[SourceDate "2013.06.25"]
[SourceVersion "2"]
[SourceVersionDate "2013.06.25"]
[SourceQuality "1"]

1. e4 e5 2. Nf3 Nc6 3. Bb5 d6 4. c3 Nf6 5. d3 a6 6. Ba4 Bg4 7. h3 Bxf3 8. Qxf3 d5 9. Bg5 Be7 10. Bxf6 Bxf6 11. exd5 b5 12. Bxb5 axb5 13. dxc6 0-0 14. 0-0 Re8 15. Qe4 Ra4 16. Qf3 e4 17. dxe4 Raxe4 18. Na3 Qd5 19. Rae1 Qxc6 20. Nxb5 R8e6 21. Rxe4 Rxe4 22. Nxc7 Be5 23. Nb5 Qc4 24. Na3 Qe6 25. Nc2 f5 26. b3 g5 27. g3 Qg6 28. Re1 Qc6 29. Rxe4 fxe4 30. Qe3 h6 31. c4 Qa8 32. a3 Bb2 33. b4 Qc6 34. Qb3 Be5 35. Ne3 Kh7 36. c5 Bd4 37. Qd5 Qxd5 38. Nxd5 Kg7 39. c6 1-0